Statystyki dla Liczby od 1 do 10 dla Ignacego

Kliknij tutaj aby rozwiązać quiz!

Ogólne statystyki

  • Ten quiz został rozwiązany 131 251 razy
  • Średni wynik to 10 z 10

Statystyki odpowiedzi

Odpowiedź% Poprawnych
1
100%
2
100%
3
99%
4
99%
5
99%
6
99%
7
98%
8
98%
9
98%
10
97%

Rozkład punktacji

Percentyl według liczby udzielonych odpowiedzi

Procent ludzi z każdym wynikiem

Twoja historia wyników

Nie rozwiązałeś tego quizu